00444nam a22001577a 4500003000400000082001800004100001600022245002800038260004400066300000800110650001700118653001700135942001200152952010500164999001700269SGT a617.643bC21N aNasir, Annu aCustomised Orthodontics aGurugram, HaryanabSGT Universityc2021 a175 aOrthodontics aOrthodontics 2ddccTH 00102ddc405171aFDbFDd2022-12-22l0o617.643 C21NpDT1399r2022-12-22 00:00:00w2022-12-22yTH c23620d23620